[Event "HUN-chT2 Barcza 1718"]
[Site "Hungary"]
[Date "2018.03.25"]
[Round "10.4"]
[White "Kiss, Zoltan Zsolt"]
[Black "Toth, Tamas3333"]
[Result "0-1"]
[WhiteElo "1890"]
[BlackElo "1947"]
[PlyCount "102"]
[EventDate "2017.09.24"]
[EventType "team-tourn"]
[EventRounds "11"]
[EventCountry "HUN"]
[SourceTitle "EXT 2021"]
[Source "ChessBase"]
[SourceDate "2020.10.23"]
[SourceVersion "1"]
[SourceVersionDate "2020.10.23"]
[SourceQuality "1"]
[WhiteTeam "Kazincbarcika"]
[BlackTeam "Hajduboszormeny"]
[WhiteTeamCountry "HUN"]
[BlackTeamCountry "HUN"]

1. e4 e5 2. Nf3 Nc6 3. Nc3 Nf6 4. d4 exd4 5. Nd5 Be7 6. Bf4 d6 7. Nxd4 0-0 8. Nb5 Nxd5 9. exd5 Bg5 10. Qd2 Bxf4 11. Qxf4 Re8+ 12. Be2 Ne7 13. Nc3 Ng6 14. Qd2 Qf6 15. 0-0 Nh4 16. f4 a6 17. Bd3 b5 18. a3 Bd7 19. Qf2 Bf5 20. Rad1 Re7 21. Bxf5 Nxf5 22. Rfe1 Rae8 23. Rxe7 Rxe7 24. Re1 Rxe1+ 25. Qxe1 Qd4+ 26. Qf2 Qxf2+ 27. Kxf2 Nd4 28. a4 b4 29. Nb5 Nxb5 30. axb5 axb5 31. Ke3 Kf8 32. Kd4 Ke7 33. c4 bxc3 34. Kxc3 Kd7 35. Kb4 c6 36. f5 Kc7 37. Ka5 Kb7 38. g4 g6 39. fxg6 fxg6 40. g5 Kc7 41. Ka6 b4 42. Ka5 cxd5 43. Kxb4 Kb6 44. Kc3 Kc5 45. Kd3 d4 46. b3 Kd5 47. b4 Ke5 48. Kc4 Ke4 49. b5 d3 50. Kc3 Ke3 51. b6 d2 0-1

[Event "HUN-chT2 Barcza 1718"]
[Site "Hungary"]
[Date "2017.10.29"]
[Round "3.6"]
[White "Kiss, Zoltan Zsolt"]
[Black "Herczeg, Tibor"]
[Result "0-1"]
[WhiteElo "1890"]
[BlackElo "2021"]
[PlyCount "88"]
[EventDate "2017.09.24"]
[EventType "team-tourn"]
[EventRounds "11"]
[EventCountry "HUN"]
[SourceTitle "EXT 2021"]
[Source "ChessBase"]
[SourceDate "2020.10.23"]
[SourceVersion "1"]
[SourceVersionDate "2020.10.23"]
[SourceQuality "1"]
[WhiteTeam "Kazincbarcika"]
[BlackTeam "Szirmabesenyo"]
[WhiteTeamCountry "HUN"]
[BlackTeamCountry "HUN"]

1. e4 c5 2. c3 d5 3. exd5 Qxd5 4. d4 e6 5. Nf3 Nf6 6. Be2 Nc6 7. 0-0 Be7 8. Na3 a6 9. Nc4 Qd8 10. Nce5 Nxe5 11. dxe5 Qxd1 12. Rxd1 Nd5 13. Bg5 Bd7 14. Rd2 Bc6 15. c4 Nb6 16. Bxe7 Kxe7 17. Ne1 Rhd8 18. Rad1 Rxd2 19. Rxd2 Rd8 20. Rxd8 Kxd8 21. b3 Nd7 22. f4 Be4 23. Bd3 Bxd3 24. Nxd3 Kc7 25. Kf2 b5 26. Ke3 Kb6 27. Nf2 bxc4 28. bxc4 Ka5 29. Kd3 Kb4 30. Ne4 f6 31. exf6 gxf6 32. g4 Ka3 33. h4 Kxa2 34. g5 fxg5 35. hxg5 Kb3 36. Nf6 Nf8 37. Ke4 Kxc4 38. Nxh7 Nxh7 39. g6 Nf6+ 40. Ke5 Nh5 41. f5 exf5 42. Kxf5 Kd5 43. Kg5 Ng7 44. Kf6 Ne6 0-1

[Event "HUN-chT2 Barcza 1617"]
[Site "Hungary"]
[Date "2017.01.29"]
[Round "7.5"]
[White "Kiss, Zoltan Zsolt"]
[Black "Szakaly, Balazs"]
[Result "0-1"]
[WhiteElo "1930"]
[BlackElo "2007"]
[PlyCount "62"]
[EventDate "2016.09.25"]
[EventType "team-tourn"]
[EventRounds "11"]
[EventCountry "HUN"]
[SourceTitle "EXT 2021"]
[Source "ChessBase"]
[SourceDate "2020.10.23"]
[SourceVersion "1"]
[SourceVersionDate "2020.10.23"]
[SourceQuality "1"]
[WhiteTeam "Kazincbarcika"]
[BlackTeam "Bajnok Sakkiskola"]
[WhiteTeamCountry "HUN"]
[BlackTeamCountry "HUN"]

1. Nf3 d5 2. d4 e6 3. Bg5 Be7 4. Bxe7 Qxe7 5. c3 Nd7 6. e3 f5 7. Be2 Ngf6 8. 0-0 0-0 9. c4 c6 10. Nc3 Ne4 11. Rc1 Kh8 12. Qa4 g5 13. Rfd1 g4 14. Nd2 Ng5 15. f4 gxf3 16. Bxf3 Nxf3+ 17. Nxf3 Nb6 18. Qc2 Nxc4 19. Qe2 Nd6 20. Ne5 Bd7 21. Rf1 Rg8 22. Rf4 Rg7 23. Qh5 Rag8 24. g3 Be8 25. Qh6 Nf7 26. Nxf7+ Bxf7 27. Rcf1 Rg5 28. Rh4 Be8 29. Rh3 Rg4 30. Kh1 R8g6 31. Qh5 Rf6 0-1

[Event "HUN-chT2 Barcza 1617"]
[Site "Hungary"]
[Date "2016.12.11"]
[Round "6.7"]
[White "Gunyecz, Zoltan"]
[Black "Kiss, Zoltan Zsolt"]
[Result "0-1"]
[WhiteElo "1958"]
[BlackElo "1930"]
[PlyCount "86"]
[EventDate "2016.09.25"]
[EventType "team-tourn"]
[EventRounds "11"]
[EventCountry "HUN"]
[SourceTitle "EXT 2021"]
[Source "ChessBase"]
[SourceDate "2020.10.23"]
[SourceVersion "1"]
[SourceVersionDate "2020.10.23"]
[SourceQuality "1"]
[WhiteTeam "Nyiregyhaza SISE"]
[BlackTeam "Kazincbarcika"]
[WhiteTeamCountry "HUN"]
[BlackTeamCountry "HUN"]

1. d4 d5 2. c4 e6 3. cxd5 exd5 4. Nc3 c6 5. Qc2 Bd6 6. Nf3 Bg4 7. Bg5 Be7 8. Bf4 Nd7 9. e3 Ngf6 10. Bd3 0-0 11. Ne5 h6 12. h3 Be6 13. 0-0 Nxe5 14. Bxe5 Bd6 15. Bxd6 Qxd6 16. Rab1 Nd7 17. Rfc1 f5 18. Ne2 Nf6 19. Nf4 Ne4 20. f3 Ng5 21. h4 Nh7 22. g4 Bd7 23. gxf5 Rae8 24. Ng2 Qf6 25. Kf2 Bxf5 26. Bxf5 Qxf5 27. Qxf5 Rxf5 28. b4 a6 29. Kg3 Nf6 30. a4 Nh5+ 31. Kf2 Ref8 32. Ne1 Re8 33. b5 axb5 34. axb5 Nf6 35. bxc6 bxc6 36. Rxc6 Ng4+ 37. Kg3 Nxe3 38. Nd3 Nc4 39. Re1 Ra8 40. Ne5 Ra3 41. Rc8+ Kh7 42. Kg4 Rf6 43. Rf1 Ne3+ 0-1

[Event "HUN-chT2 Barcza 1516"]
[Site "Hungary"]
[Date "2015.11.08"]
[Round "4.4"]
[White "Mate, Balazs"]
[Black "Kiss, Zoltan Zsolt"]
[Result "0-1"]
[WhiteElo "2120"]
[BlackElo "1923"]
[PlyCount "116"]
[EventDate "2015.09.13"]
[EventType "team-tourn"]
[EventRounds "11"]
[EventCountry "HUN"]
[SourceTitle "CBM 170 Extra"]
[Source "ChessBase"]
[SourceDate "2016.02.25"]
[SourceVersion "1"]
[SourceVersionDate "2016.02.25"]
[SourceQuality "1"]
[WhiteTeam "Hajduszoboszlo"]
[BlackTeam "Kazincbarcika"]
[WhiteTeamCountry "HUN"]
[BlackTeamCountry "HUN"]

1. e4 d6 2. d4 Nf6 3. Nc3 g6 4. f4 Bg7 5. Nf3 0-0 6. e5 dxe5 7. fxe5 Ng4 8. Bf4 c5 9. h3 cxd4 10. Nb5 a6 11. Nbxd4 Nxe5 12. Nxe5 Bxe5 13. Bxe5 Qa5+ 14. c3 Qxe5+ 15. Be2 Qg3+ 16. Kf1 e5 17. Nb3 Bd7 18. Qe1 Qg5 19. h4 Qe7 20. Qg3 Bc6 21. Rd1 Nd7 22. Qe3 f5 23. Qd2 Nf6 24. Qg5 Rae8 25. Bf3 Bxf3 26. gxf3 Nh5 27. Qxe7 Rxe7 28. Kf2 Rfe8 29. Nc5 a5 30. Rhe1 Nf6 31. Rd6 Kf7 32. Rb6 Rb8 33. Rb5 e4 34. fxe4 fxe4 35. Ke2 b6 36. Na4 Re6 37. c4 Nd7 38. Rd1 Ke7 39. Ke3 Rf8 40. Ke2 Rf5 41. Rbd5 Ne5 42. c5 b5 43. Nc3 Nd3 44. Rxf5 gxf5 45. Rf1 Re5 46. Nxb5 Rxc5 47. Nd4 f4 48. b3 Kf6 49. Kd2 Ke5 50. Nf3+ Kd5 51. Ng5 h6 52. Nh3 Ke5 53. Rg1 Kd4 54. Rg8 e3+ 55. Kd1 Ke4 56. Re8+ Kf3 57. Ng1+ Kf2 58. Nh3+ Kf1 0-1

[Event "Borsod-chT2 1415"]
[Site "Hungary"]
[Date "2014.09.28"]
[Round "1.1"]
[White "Pasztor, Lorant"]
[Black "Kiss, Zoltan Zsolt"]
[Result "0-1"]
[WhiteElo "1952"]
[BlackElo "1915"]
[PlyCount "48"]
[EventDate "2014.09.28"]
[EventType "team-tourn"]
[EventRounds "7"]
[EventCountry "HUN"]
[SourceTitle "EXT 2016"]
[Source "ChessBase"]
[SourceDate "2015.10.08"]
[SourceVersion "1"]
[SourceVersionDate "2015.10.08"]
[SourceQuality "1"]
[WhiteTeam "Hidasnemeti"]
[BlackTeam "Tiszaujvaros"]
[WhiteTeamCountry "HUN"]
[BlackTeamCountry "HUN"]

1. e4 d5 2. exd5 Qxd5 3. Nc3 Qa5 4. b4 Qxb4 5. Rb1 Qd6 6. Nf3 a6 7. Bc4 Nf6 8. 0-0 b5 9. Bb3 Bg4 10. d3 Nc6 11. Re1 Nd4 12. Ne4 Nxf3+ 13. gxf3 Nxe4 14. Rxe4 Bh3 15. Bf4 Qg6+ 16. Bg3 h5 17. Rh4 Bf5 18. a4 e6 19. Kh1 Be7 20. Rd4 c5 21. Rf4 h4 22. Rxf5 hxg3 23. Rf4 Rxh2+ 24. Kg1 Qh6 0-1